000 01541nam a2200205 a 4500
008 180528e2006 sp ||||g |||| 00| f spa d
020 _a8496575187
041 _aspa
092 _c808
_l30
_sGRE
100 1 _aGreiman, Lois
_93963
245 _aTerapia sensual /
_cLois Greiman
250 _a1a ed.
_bTraducción Isabel Hernández
260 _aBarcelona:
_bTerciopelo;
_c2006.
300 _a299 p.
500 _aGreiman, L. (2006). Terapia sensual. (1a ed.). Barcelona : Terciopelo.
505 _aChristina McMullen ha dado un giro completo a su vida y ha dejado la noche de Chicago para convertirse en una psicóloga de éxito en California. Andrew Bomstad, un conocido jugador de fútbol americano, acude a su consulta para resolver el problema de impotencia sexual que padece. Un día, Andrew llega a la sesión con una botella de vino, y dispuesto a celebrar su recuperación. Pero la fatalidad quiere que el jugador se desplome muerto sobre el suelo de la consulta y Christina aparezca como principal sospechosa de la muerte. Jack Rivera, el detective encargado del caso, se empeña en defender que Christina envenenó a Bomstad en un ataque de celos. Para esclarecer el asesinato, la terapeuta se verá obligada a realizar su propia investigación y a recurrir a todos los encantos y astucias que aprendió durante los años en los que vivió la noche, para salvar su nombre y descubrir al verdadero asesino.
590 _aProyecto 4to libro. Donación Victoria Lara, mayo 2018
655 _aLiteratura
_92917
942 _2ddc
_cLIT
999 _c2807
_d2807